000 01242nam a2200253Ia 4500
999 _c36320
_d36320
001 2227
003 GE_BSU
005 20190506121454.0
008 181216s1979||||ge |||||||||||||| ||geo||
040 _cGE_BSU
041 _ageo
080 _a1+165+167.2/3+162.2 კ–23
100 _aკანტი, იმანუელ;
_b1724-1804
_cფილოსოფოსი,
_9757
245 _aწმინდა გონების კრიტიკა /
_cიმანუელ კანტი ; მთრ.: შალვა პაპუაშვილი ; რედ.: გურამ თევზაძე.
245 _c[რედ. გ. თევზაძე]
264 _aთბილისი :
_bთბილისის უნვერსიტეტის გამომცემლობა,
_c1979.
300 _a532 გვ.
_b26 სმ.
653 _aშემეცნების თეორია
653 _aსინთეზური მსჯელობა
653 _aმეტაფიზიკა
700 _aპაპუაშვილი, შალვა
_eმთარგმნელი
_9758
700 _aთევზაძე, გურამ
_eრედაქტორი
_9759
942 _cBK
_2udc